[Event "HUN-chT 9798"]
[Site "Hungary"]
[Date "1997.??.??"]
[Round "?"]
[White "Acs, Peter"]
[Black "Ribli, Zoltan"]
[Result "1/2-1/2"]
[WhiteElo "2420"]
[BlackElo "2585"]

1.e4 d6 2.d4 Nf6 3.Nc3 g6 4.f4 Bg7 5.Nf3 O-O 6.Bd3 Nc6 7.O-O e5 8.dxe5 dxe5
9.f5 gxf5 10.exf5 e4 11.Nxe4 Bxf5 12.Nxf6+ Qxf6 13.Bg5 Qe6 14.Bxf5 Qxf5 15.c3 Rfe8  1/2-1/2

[Event "HUN-chT 9798"]
[Site "Hungary"]
[Date "1997.??.??"]
[Round "?"]
[White "Ribli, Zoltan"]
[Black "Pinter, Jozsef"]
[Result "1/2-1/2"]
[WhiteElo "2585"]
[BlackElo "2575"]

1.d4 d5 2.Nf3 Nf6 3.c4 c6 4.cxd5 cxd5 5.Nc3 Nc6 6.Bf4 a6 7.e3 Bg4 8.Be2 e6
9.Qb3 Bxf3 10.Bxf3 Na5 11.Qd1 Bd6 12.Bxd6 Qxd6 13.Qa4+ Nc6 14.O-O  1/2-1/2

[Event "Maroczy mem"]
[Site "Szeged"]
[Date "1997.??.??"]
[Round "4"]
[White "Zhang Zhong"]
[Black "Ribli, Zoltan"]
[Result "1-0"]
[WhiteElo "2475"]
[BlackElo "2570"]

1.e4 c5 2.Nf3 d6 3.d4 cxd4 4.Nxd4 Nf6 5.Nc3 a6 6.Be2 e6 7.O-O Qc7 8.a4 Nc6
9.Be3 Be7 10.f4 O-O 11.Kh1 Re8 12.Bf3 Bd7 13.Nb3 b6 14.g4 Bc8 15.g5 Nd7 16.Bg2 Na5
17.Nd4 Bb7 18.Qh5 g6 19.Qh3 Bf8 20.Rad1 Nc4 21.Bc1 Bg7 22.f5 Nf8 23.f6 Bh8
24.b3 Ne5 25.Ba3 Red8 26.Rd2 Rac8 27.Nde2 Rd7 28.Rfd1 Rcd8 29.Qg3 Qb8 30.Ng1 Ba8
31.Nf3 h6 32.h4 h5 33.Nxe5 dxe5 34.Rxd7 Rxd7 35.Bxf8 Rxd1+ 36.Nxd1 Kxf8 37.Nb2 Kg8
38.Nd3 Qc8 39.Qxe5 Kh7 40.c4 Qd7 41.Qc3 Bc6 42.Kg1 Qd6 43.e5 Qd7 44.Bxc6 Qxc6
45.Nf2  1-0

[Event "AUT-chT 9798"]
[Site "Austria"]
[Date "1998.03.06"]
[Round "9"]
[White "Blatny, Pavel"]
[Black "Ribli, Zoltan"]
[Result "1/2-1/2"]
[WhiteElo "2560"]
[BlackElo "2565"]

1.Nf3 g6 2.d4 Nf6 3.Nc3 Bg7 4.e4 d6 5.Be2 O-O 6.O-O c5 7.dxc5 dxc5 8.Be3 b6
9.Qxd8 Rxd8 10.Rad1 Nc6  1/2-1/2

[Event "AUT-chT 9798"]
[Site "Austria"]
[Date "1998.03.08"]
[Round "11"]
[White "Hoelzl, Franz"]
[Black "Ribli, Zoltan"]
[Result "1/2-1/2"]
[WhiteElo "2420"]
[BlackElo "2565"]

1.d4 Nf6 2.Nf3 d5 3.c4 e6 4.e3 Nbd7 5.Qc2 c6 6.Nbd2 Bd6 7.Bd3 O-O 8.O-O h6
9.b3 b6 10.e4 dxe4 11.Nxe4  1/2-1/2

[Event "CRO-chT"]
[Site "Porec"]
[Date "1998.09.10"]
[Round "5"]
[White "Ribli, Zoltan"]
[Black "Tkachiev, Vladislav"]
[Result "1/2-1/2"]
[WhiteElo "2590"]
[BlackElo "2645"]

1.Nf3 Nf6 2.c4 g6 3.g3 Bg7 4.Bg2 O-O 5.d4 d6 6.O-O Nc6 7.Nc3 a6 8.d5 Na5
9.Nd2 c5 10.Qc2 Rb8 11.b3 b5 12.Bb2 Bh6 13.f4 bxc4 14.bxc4 e5 15.Rab1 exf4
16.gxf4 Re8 17.Nce4 Nxe4 18.Nxe4 Rxb2 19.Qxb2 Bg7 20.Qb6 Nxc4 21.Qxd8 Rxd8
22.Rb8 Bd4+ 23.Kh1 Kg7 24.Rfb1 Ne3 25.R1b6 Nxg2 26.Kxg2 c4 27.Rb4 Ba7 28.Ra8 Bh3+
29.Kxh3 Rxa8 30.Rxc4 Re8 31.Kg2 Re7 32.Kf1 Rd7 33.Kg2 Re7 34.Ng3 h5 35.h4 f5
36.Ra4 Be3 37.Kf3 Bc5 38.Rxa6 Re3+ 39.Kg2  1/2-1/2

[Event "CRO-chT"]
[Site "Porec"]
[Date "1998.09.12"]
[Round "6"]
[White "Hulak, Krunoslav"]
[Black "Ribli, Zoltan"]
[Result "1/2-1/2"]
[WhiteElo "2520"]
[BlackElo "2590"]

1.g3 c5 2.Bg2 g6 3.c4 Bg7 4.Nc3 Nc6 5.e3 e6 6.Nge2 Nge7 7.O-O O-O 8.d4 cxd4
9.Nxd4 d5 10.cxd5 Nxd5 11.Nxd5 Nxd4 12.exd4 exd5 13.Be3  1/2-1/2

[Event "CRO-chT"]
[Site "Porec"]
[Date "1998.09.13"]
[Round "7"]
[White "Ribli, Zoltan"]
[Black "Ruck, Robert"]
[Result "1/2-1/2"]
[WhiteElo "2590"]
[BlackElo "2485"]

1.Nf3 Nf6 2.c4 g6 3.Nc3 Bg7 4.e4 c5 5.d4 cxd4 6.Nxd4 d6 7.Be2 Nbd7 8.Be3 b6
9.Qd2 Bb7 10.f3 O-O 11.O-O Re8 12.Rfd1 a6 13.a4 Rb8 14.b4 Ne5 15.Nd5 Rc8
16.Rac1 Nfd7 17.Nb3 e6 18.Nf4 Bf8 19.a5 bxa5 20.Nxa5 Qc7 21.Nd3 Nxd3 22.Bxd3 Ba8
23.Be2 Ne5 24.Qd4 Red8 25.Qb6 Bh6 26.Qd4 Bxe3+ 27.Qxe3 Rb8 28.Rb1 Rb6 29.c5 dxc5
30.Qxc5 Qxc5+ 31.bxc5 Rxb1 32.Rxb1 Rc8 33.Rc1 Rc7 34.f4 Nc6 35.Nxc6  1/2-1/2

[Event "CRO-chT"]
[Site "Porec"]
[Date "1998.09.15"]
[Round "9"]
[White "Ribli, Zoltan"]
[Black "Morovic Fernandez, Ivan"]
[Result "1/2-1/2"]
[WhiteElo "2590"]
[BlackElo "2605"]

1.Nf3 Nf6 2.c4 e6 3.d4 b6 4.g3 Bb7 5.Bg2 Be7 6.O-O O-O 7.Nc3 Ne4 8.Qc2 Nxc3
9.Qxc3 c5 10.Rd1 d6 11.b3 Bf6 12.Bb2 Qe7 13.Qd2 Nd7 14.Rac1 Rfd8 15.Qc2 Rac8
16.dxc5 Bxb2 17.Qxb2 dxc5 18.Ne5 Nxe5 19.Qxe5 Bxg2 20.Kxg2  1/2-1/2

[Event "AUT-chT 9899"]
[Site "AUT"]
[Date "1998.??.??"]
[Round "?"]
[White "Ribli, Zoltan"]
[Black "Blatny, Pavel"]
[Result "1/2-1/2"]
[WhiteElo "2565"]
[BlackElo "2560"]

1.d4 Nf6 2.c4 e6 3.Nf3 b6 4.g3 Bb7 5.Bg2 Be7 6.O-O O-O 7.Nc3 Ne4 8.Nxe4 Bxe4
9.Nh4 Bxg2 10.Nxg2 d5 11.Qa4 Qe8  1/2-1/2

[Event "AUT-chT 9899"]
[Site "AUT"]
[Date "1998.??.??"]
[Round "?"]
[White "Ribli, Zoltan"]
[Black "Schmittdiel, Eckhard"]
[Result "1-0"]
[WhiteElo "2565"]
[BlackElo "2460"]

1.Nf3 c5 2.c4 Nc6 3.d4 cxd4 4.Nxd4 Nf6 5.Nc3 e6 6.g3 Bc5 7.Nb3 Bb4 8.Bg2 d5
9.cxd5 exd5 10.O-O Be6 11.Be3 O-O 12.Rc1 Rc8 13.a3 Be7 14.Nb5 b6 15.N3d4 Nxd4
16.Bxd4 Qd7 17.Qa4 Rxc1 18.Rxc1 Bd8 19.Qa6 Ne4 20.Nxa7 Nc5 21.Bxc5 bxc5 22.Rxc5 Bf6
23.Rb5 Qc7 24.Nc6 Rc8 25.Rc5 Bxb2 26.Bxd5 Rf8 27.Bxe6 fxe6 28.Rc2 Qf7 29.f3 Bf6
30.a4 Qd7 31.Kg2 Qd1 32.Qc4 Kh8 33.a5 g5 34.a6 g4 35.f4 e5 36.Qc5 Re8 37.fxe5 Bg5
38.e6 Be3 39.Qe5+ Kg8 40.Ne7+  1-0

[Event "HUN-chT9899"]
[Site "HUN"]
[Date "1998.??.??"]
[Round "?"]
[White "Fogarasi, Tibor"]
[Black "Ribli, Zoltan"]
[Result "0-1"]
[WhiteElo "2425"]
[BlackElo "2590"]

1.e4 c5 2.Nf3 Nc6 3.d4 cxd4 4.Nxd4 Qc7 5.Nc3 e6 6.Be2 a6 7.O-O Nf6 8.Kh1 Be7
9.f4 d6 10.Be3 O-O 11.Qe1 Nxd4 12.Bxd4 b5 13.a3 Bb7 14.Qg3 Rad8 15.Rae1 Rfe8
16.Bd3 Rd7 17.Qh3 e5 18.Be3 Bd8 19.fxe5 dxe5 20.Bg5 Rd6 21.Bxf6 Bxf6 22.a4 bxa4
23.Nxa4 Bg5 24.b3 Bf4 25.g3 Bh6 26.Nb2 Kh8 27.Nc4 Rd4 28.Qh5 Re7 29.Rf5 f6
30.Qf3 Re8 31.Ne3 Bxe3 32.Qxe3 Qd6 33.Kg1 Rc8 34.Rf2 Rc3 35.Qe2 Qc5 36.Kf1 a5
37.Qh5 Rd8 38.Qf7 Bc8 39.Qh5 Be6 40.Qh4 Bxb3 41.Rxf6 Bxc2 42.Be2 Re3 43.Rf5 Rb8
44.Rc1 Rxe2 45.Kxe2 Bd3+ 46.Kd1 Qg1+ 47.Kd2 Rb2+  0-1

[Event "HUN-chT9899"]
[Site "HUN"]
[Date "1998.??.??"]
[Round "?"]
[White "Ribli, Zoltan"]
[Black "Ruck, Robert"]
[Result "1/2-1/2"]
[WhiteElo "2590"]
[BlackElo "2485"]

1.Nf3 d5 2.d4 Nc6 3.g3 Bg4 4.Bg2 Qd7 5.c4 dxc4 6.d5 O-O-O 7.Nc3 Bxf3 8.Bxf3 Ne5
9.Qd4 Nxf3+ 10.exf3 Kb8 11.Be3 b6 12.Qxc4 e6 13.Rd1 Bd6 14.Nb5 exd5 15.Rxd5 Ne7
16.Qa4 a5 17.Rxd6 cxd6 18.Bxb6 Qe6+ 19.Be3 Nf5 20.Na7 Nxe3 21.Nc6+ Kc7 22.Nxd8 Ng2+
23.Kf1 Qh3 24.Qc6+ Kxd8 25.Qxd6+ Kc8 26.Ke2 Re8+ 27.Kd2 Kb7 28.Rc1 Rc8 29.Qd5+ Kb6
30.Rxc8 Qxc8 31.f4 Qh3 32.Qxf7 g6 33.Qb3+ Kc7 34.Qc3+ Kb6 35.Qd4+ Ka6 36.Qc4+ Kb6
37.Qd4+ Ka6 38.Qd6+ Ka7 39.Qc5+ Ka6 40.a4 Qxh2 41.Qb5+ Ka7 42.Qxa5+ Kb7 43.Qb5+ Ka7
44.a5 Qg1 45.Qb6+ Ka8 46.a6 Qe1+ 47.Kd3 Qd1+ 48.Ke4 Qc2+ 49.Ke5 Qf5+ 50.Kd6 Qf6+
51.Kc5 Qf5+ 52.Kd4 Qd7+ 53.Ke5 Qf5+ 54.Kd6 Qf6+ 55.Kc5 Qf5+ 56.Kb4 Qe4+ 57.Ka3 h5
58.Qd8+ Ka7 59.Qd7+ Ka8 60.Qd8+ Ka7  1/2-1/2

[Event "HUN-chT 9798"]
[Site "Hungary"]
[Date "1998.??.??"]
[Round "?"]
[White "Izsak, Gyula"]
[Black "Ribli, Zoltan"]
[Result "1/2-1/2"]
[WhiteElo "2400"]
[BlackElo "2585"]

1.d4 Nf6 2.Nf3 e6 3.c4 d5 4.e3 c5 5.Nc3 Nc6 6.Be2 dxc4 7.Bxc4 a6 8.dxc5 Qxd1+
9.Kxd1 Bxc5 10.a3 b5 11.Bd3 Bb7 12.b4 Bd6 13.Bb2 Ke7 14.Ke2 Rhd8 15.Rhd1 Ne5
16.Nxe5 Bxe5 17.g3 Rac8 18.Rac1 g5 19.f4 gxf4 20.gxf4 Bb8 21.a4 bxa4 22.Nxa4 Rxc1
23.Rxc1 Rg8 24.Bxf6+ Kxf6 25.Bxh7 Rh8 26.Nc5 Bc6 27.Be4 Bb5+ 28.Bd3 Rxh2+
29.Kf3 Ke7 30.Bxb5 axb5  1/2-1/2

[Event "HUN-chT 9798"]
[Site "Hungary"]
[Date "1998.??.??"]
[Round "?"]
[White "Almasi, Zoltan"]
[Black "Ribli, Zoltan"]
[Result "1/2-1/2"]
[WhiteElo "2595"]
[BlackElo "2585"]

1.e4 c5 2.Nf3 Nc6 3.d4 cxd4 4.Nxd4 Qc7 5.Nc3 e6 6.Be2 a6 7.O-O Nf6 8.Be3 d6
9.f4 Be7 10.Kh1 O-O 11.a4 Re8 12.Bf3 Bd7 13.Nb3 b6 14.g4 Bc8 15.g5 Nd7 16.Bg2 Bb7
17.Qh5 Nb4 18.Rf2 Bf8 19.Raf1 g6 20.Qh3 Re7 21.Rd2 Rd8 22.Rfd1 Ree8 23.Nc1 Ba8
24.Nd3 Nxd3 25.cxd3 Bg7 26.d4 Nb8 27.f5 exf5 28.exf5 Bxg2+ 29.Rxg2 Qb7 30.f6  1/2-1/2

[Event "CRO-Cup"]
[Site "Pula"]
[Date "1998.??.??"]
[Round "3"]
[White "Ribli, Zoltan"]
[Black "Zelcic, Robert"]
[Result "1/2-1/2"]
[WhiteElo "2565"]
[BlackElo "2540"]

1.Nf3 Nf6 2.c4 e6 3.Nc3 Bb4 4.Qc2 O-O 5.a3 Bxc3 6.Qxc3 b6 7.b4 Bb7 8.Bb2 d6
9.g3 Nbd7 10.Bg2 Ne5 11.O-O Nxf3+ 12.Bxf3 Bxf3 13.Qxf3 e5 14.Qg2 Re8 15.e4 Qd7
16.f4 b5 17.Qe2 bxc4 18.Qxc4 a5 19.Bc3  1/2-1/2

[Event "CRO-Cup"]
[Site "Pula"]
[Date "1998.??.??"]
[Round "4"]
[White "Ribli, Zoltan"]
[Black "Orak, Ljubomir"]
[Result "1-0"]
[WhiteElo "2565"]
[BlackElo "2345"]

1.Nf3 Nf6 2.c4 g6 3.g3 Bg7 4.Bg2 O-O 5.O-O d6 6.Nc3 e5 7.d4 Nbd7 8.h3 a6
9.dxe5 dxe5 10.Be3 Rb8 11.Qc2 c6 12.Rfd1 Qe7 13.Rac1 b5 14.Nd2 b4 15.Na4 Bb7
16.Nb3 Rfc8 17.Nac5 Bf8 18.Qd2 Nxc5 19.Bxc5 Qe8 20.Qxb4 Nd7 21.Qa5 Bxc5 22.Nxc5 Nxc5
23.Qxc5 Rd8 24.b3 f6 25.Rd6 Rxd6 26.Qxd6 Qd8 27.Rd1  1-0

[Event "CRO-Cup"]
[Site "Pula"]
[Date "1998.??.??"]
[Round "5"]
[White "Kozul, Zdenko"]
[Black "Ribli, Zoltan"]
[Result "1/2-1/2"]
[WhiteElo "2585"]
[BlackElo "2565"]

1.d4 d5 2.c4 c6 3.e3 Nf6 4.Nf3 Bf5 5.cxd5 cxd5 6.Nc3 e6 7.Ne5 Nfd7 8.Qa4 Bd6
9.g4 Bg6 10.h4 Bxe5 11.dxe5 h5 12.b3  1/2-1/2

[Event "CRO-Cup"]
[Site "Pula"]
[Date "1999.05.24"]
[Round "1"]
[White "Ribli, Zoltan"]
[Black "Krstic, Uros"]
[Result "1-0"]
[WhiteElo "2582"]
[BlackElo "2332"]

1.c4 g6 2.d4 Bg7 3.Nf3 d6 4.g3 Nf6 5.Bg2 O-O 6.O-O Nbd7 7.Nc3 e5 8.h3 Re8
9.e4 exd4 10.Nxd4 a6 11.Be3 Rb8 12.b3 c5 13.Nde2 b5 14.Qxd6 b4 15.Na4 Nxe4
16.Bxe4 Bxa1 17.Rxa1 Rxe4 18.Nxc5 Re8 19.Rd1 Qe7 20.Qc7 Nxc5 21.Qxb8 Bb7
22.Qf4 Ne6 23.Qh4 f6 24.c5 Rd8 25.Rxd8+ Qxd8 26.f3 Qd3 27.Kf2 Bxf3 28.Ng1 Bd1
29.Qxf6 Qd5 30.g4 g5 31.Qe7 h6 32.Qe8+ Kg7 33.c6  1-0

[Event "CRO-Cup"]
[Site "Pula"]
[Date "1999.05.25"]
[Round "2"]
[White "Sermek, Drazen"]
[Black "Ribli, Zoltan"]
[Result "1/2-1/2"]
[WhiteElo "2540"]
[BlackElo "2582"]

1.e4 c5 2.Nf3 Nc6 3.c3 Nf6 4.e5 Nd5 5.Bc4 Nb6 6.Bb3 c4 7.Bc2 Qc7 8.Qe2 g5
9.e6 dxe6 10.Nxg5 Qe5 11.d4 cxd3 12.Bxd3 Qxe2+ 13.Bxe2 h6 14.Nf3 e5 15.O-O Bf5
16.Re1 O-O-O  1/2-1/2

[Event "CRO-Cup"]
[Site "Pula"]
[Date "1999.05.26"]
[Round "3"]
[White "Ribli, Zoltan"]
[Black "Pinter, Jozsef"]
[Result "1/2-1/2"]
[WhiteElo "2582"]
[BlackElo "2581"]

1.d4 Nf6 2.c4 e6 3.Nf3 d5 4.Nc3 Be7 5.Bg5 O-O 6.e3 h6 7.Bxf6 Bxf6 8.Rc1 c6
9.Bd3 Nd7 10.O-O dxc4 11.Bxc4 e5 12.Ne4 exd4 13.Nxf6+ Nxf6 14.Qxd4 Qxd4 15.Nxd4  1/2-1/2

[Event "CRO-Cup"]
[Site "Pula"]
[Date "1999.05.27"]
[Round "4"]
[White "Zelic, Mladen"]
[Black "Ribli, Zoltan"]
[Result "0-1"]
[WhiteElo "2354"]
[BlackElo "2582"]

1.e4 d6 2.d4 Nf6 3.Nc3 g6 4.f4 Bg7 5.Nf3 c5 6.e5 Nfd7 7.exd6 O-O 8.Be3 exd6
9.Qd2 Nc6 10.O-O-O Qa5 11.Kb1 Nf6 12.Bc4 Bf5 13.dxc5 dxc5 14.Nd5 Nxd5 15.Qxa5 Bxc2+
16.Kc1 Nxa5 17.Bxd5 Bxd1 18.Rxd1 Rfe8 19.Ne5 Bxe5 20.fxe5 Rxe5 21.Bf4 Re7
22.Bf3 Nc6 23.Bg5 Ree8 24.Rd7 Ne5 25.Rxb7 Nxf3 26.gxf3 Re2 27.h4 Rf2 28.Be3 Rxf3
29.Bxc5 Rc8 30.b4 a5 31.Kb2 Re8  0-1

[Event "CRO-Cup"]
[Site "Pula"]
[Date "1999.05.28"]
[Round "5"]
[White "Ribli, Zoltan"]
[Black "Dizdar, Goran"]
[Result "1/2-1/2"]
[WhiteElo "2582"]
[BlackElo "2563"]

1.Nf3 Nf6 2.c4 e6 3.Nc3 d5 4.d4 Bb4 5.Bg5 h6 6.Bxf6 Qxf6 7.e3 O-O 8.Rc1 dxc4
9.Bxc4 c5 10.dxc5 Bxc5 11.O-O Qe7 12.Qe2 Nc6 13.Rfd1  1/2-1/2

[Event "BIH-chT"]
[Site "Bihac"]
[Date "1999.08.21"]
[Round "1"]
[White "Ribli, Zoltan"]
[Black "Cvitan, Ognjen"]
[Result "1/2-1/2"]
[WhiteElo "2586"]
[BlackElo "2511"]

1.Nf3 Nf6 2.c4 g6 3.g3 Bg7 4.Bg2 d5 5.cxd5 Nxd5 6.Nc3 Nc6 7.O-O O-O 8.d4 Nb6
9.d5 Na5 10.Bf4 c6 11.dxc6 Qxd1 12.Rfxd1 Nxc6 13.Rac1 h6 14.b3 Be6 15.Ne1 g5
16.Be3 Rfd8 17.Nb5 Nb4 18.Nc7 Rxd1 19.Rxd1 Rc8 20.Nxe6 fxe6 21.Bxb7 Rc7 22.Rd8+ Kf7
23.Bf3 Bf6 24.Nd3  1/2-1/2

[Event "BIH-chT"]
[Site "Bihac"]
[Date "1999.08.22"]
[Round "2"]
[White "Bistric, Faruk"]
[Black "Ribli, Zoltan"]
[Result "1-0"]
[WhiteElo "2466"]
[BlackElo "2586"]

1.c4 e6 2.Nf3 d5 3.b3 Nf6 4.g3 Be7 5.Bg2 O-O 6.O-O c5 7.Bb2 b6 8.d4 Bb7 9.cxd5 Nxd5
10.dxc5 Bxc5 11.Nbd2 Nd7 12.a3 a5 13.Nd4 N7f6 14.Nc4 Re8 15.e4 Nc7 16.Re1 Rc8
17.e5 Bxg2 18.Kxg2 Nfd5 19.Qg4 f5 20.exf6 Nxf6 21.Qh4 Qd5+ 22.Nf3 Rf8 23.Rad1 Qb7
24.Ne5 Ncd5 25.Ng4 Rce8 26.Rd2 h6 27.Nxf6+ Nxf6 28.b4 axb4 29.axb4 Be7 30.Qc4 Qc8
31.Qb3 Nd5 32.b5 Bc5 33.Rde2 Qd7 34.Ne5 Qb7 35.Kg1 Rf6 36.Qc4 Qe7 37.Nd3 Qf7
38.Kg2 e5 39.Qe4 Bd6  1-0

[Event "BIH-chT"]
[Site "Bihac"]
[Date "1999.08.23"]
[Round "3"]
[White "Ribli, Zoltan"]
[Black "Terzic, Safet"]
[Result "1-0"]
[WhiteElo "2586"]
[BlackElo "2330"]

1.Nf3 d5 2.d4 c6 3.c4 e6 4.Nc3 f5 5.Bf4 Nf6 6.e3 Be7 7.Bd3 O-O 8.h3 Ne4 9.O-O Nd7
10.Nd2 Ndf6 11.f3 Nd6 12.Bh2 Nf7 13.Rb1 c5 14.dxc5 Bxc5 15.Qe2 Bxe3+ 16.Qxe3 d4
17.Qe2 dxc3 18.bxc3 e5 19.Kh1 Re8 20.c5 Qc7 21.Nb3 Bd7 22.Bc4 f4 23.Qc2 a5
24.Nd2 Bc6 25.Rfe1 Rad8 26.Re2 Bd5 27.Bxd5 Rxd5 28.Bg1 Red8 29.Ne4 Nxe4 30.Qxe4 Rd1
31.Re1 Rxe1 32.Qxe1 g6 33.Rb5 Nh6 34.c6 bxc6 35.Rxe5 Nf5 36.Bd4 Kf7 37.Qc1 Rd5
38.Qxf4 Rxe5 39.Bxe5 Qd7 40.Kh2 Ke6 41.g4 Ne7 42.Qf6+ Kd5 43.Bf4 c5 44.Qa6 Qa4
45.Qd6+ Kc4 46.Qxe7 Qxa2+ 47.Kg3 Qc2  1-0

[Event "CRO-chT"]
[Site "Pula"]
[Date "1999.09.11"]
[Round "3"]
[White "Sax, Gyula"]
[Black "Ribli, Zoltan"]
[Result "1/2-1/2"]
[WhiteElo "2588"]
[BlackElo "2586"]

1.e4 c5 2.Nf3 e6 3.d4 cxd4 4.Nxd4 a6 5.Nc3 Qc7 6.g3 Bb4 7.Bd2 Nf6 8.Bg2 Nc6
9.Nxc6 dxc6 10.O-O O-O 11.Re1 e5 12.Nd5 Nxd5 13.exd5 Bxd2 14.Qxd2 cxd5 15.Qxd5 Re8
16.Qb3 Rb8 17.Bd5 Be6  1/2-1/2

[Event "CRO-chT"]
[Site "Pula"]
[Date "1999.09.12"]
[Round "4"]
[White "Devcic, Darko"]
[Black "Ribli, Zoltan"]
[Result "0-1"]
[WhiteElo "2235"]
[BlackElo "2586"]

1.d4 Nf6 2.c4 e6 3.Nf3 b6 4.g3 Ba6 5.Qb3 Nc6 6.Bd2 Be7 7.a3 O-O 8.Bg2 d5
9.cxd5 exd5 10.Qa4 Bb7 11.O-O Ne4 12.Rc1 Bf6 13.Bf4 Qd7 14.Nc3 Rad8 15.Qd1 Rfe8
16.h4 h6 17.Rc2 g5 18.hxg5 hxg5 19.Nxe4 dxe4 20.Nxg5 Qf5 21.Nh3 Nxd4 22.Rd2 Ba6
23.Qe1 Qh5 24.Bxc7 Nxe2+ 25.Rxe2 Qxe2 26.Qxe2 Bxe2 27.Bxd8 Rxd8 28.Bxe4 Bxb2
29.Re1 Rd1 30.Rxd1 Bxd1 31.Nf4 Bxa3 32.Nd5 Bc5 33.Kf1 Kf8 34.f3 a5 35.Ke1 Bb3
36.Nc3 a4 37.Bb1 Bb4 38.Kd2 a3 39.Kd3 Bxc3 40.Kxc3 a2 41.Bxa2 Bxa2 42.Kb4 Bd5
43.Kb5 Bxf3 44.Kxb6 Ke7  0-1

[Event "CRO-chT"]
[Site "Pula"]
[Date "1999.09.14"]
[Round "5"]
[White "Ribli, Zoltan"]
[Black "Rogic, Davor"]
[Result "1-0"]
[WhiteElo "2586"]
[BlackElo "2505"]

1.d4 d5 2.c4 c6 3.Nf3 Nf6 4.Nc3 e6 5.Bg5 h6 6.Bxf6 Qxf6 7.Qc2 Nd7 8.e4 dxe4
9.Qxe4 Bd6 10.c5 Bc7 11.Bd3 Qe7 12.O-O Nf6 13.Qe2 Nd5 14.g3 O-O 15.Nxd5 cxd5
16.Ne5 Bxe5 17.Qxe5 f6 18.Qh5 f5 19.Rfe1 b6 20.Rac1 Qf6 21.Re5 bxc5 22.Rxc5 Rb8
23.Qe2 Rb4 24.Rc6 Qd8 25.b3 Bd7 26.Ra6 Qc7 27.Qe3 Bc8 28.Raxe6 Bxe6 29.Rxe6 f4
30.Qd2 Rb6 31.Re5 Rd6 32.gxf4 Qd8 33.Qe2 Qh4 34.f5 Qxd4 35.h3 Qh4 36.Kg2 Kh8
37.Re7 Qg5+ 38.Kh2 Qf4+ 39.Kg2 Qg5+ 40.Kh2 Qf4+ 41.Kg2 Rxf5 42.Bxf5 Qxf5
43.Rxg7 Kxg7 44.Qe7+ Kg8 45.Qxd6 Qe4+ 46.Kg3 d4 47.Qb8+ Kg7 48.Qxa7+ Kf6
49.Qb6+ Ke5 50.Qb8+ Kd5 51.Qb7+ Ke5 52.Qxe4+ Kxe4 53.Kg2 Kd3 54.a4 Ke2 55.a5 d3
56.a6 d2 57.a7 d1=Q 58.a8=Q Qf1+ 59.Kh2 Qb1 60.Qd5 Kxf2 61.Qg2+ Ke3 62.Qg1+ Qxg1+
63.Kxg1 Kd3 64.Kf2 Kc3 65.Kf3 Kxb3 66.Kg4  1-0

[Event "CRO-chT"]
[Site "Pula"]
[Date "1999.09.16"]
[Round "7"]
[White "Ribli, Zoltan"]
[Black "Bistric, Faruk"]
[Result "1/2-1/2"]
[WhiteElo "2586"]
[BlackElo "2466"]

1.Nf3 c5 2.c4 Nc6 3.d4 cxd4 4.Nxd4 Nf6 5.Nc3 g6 6.e4 Nxd4 7.Qxd4 d6 8.Bg5 Bg7
9.Qd2 O-O 10.Be2 a6 11.Rc1 Bd7 12.b3 Qa5 13.O-O Rfc8 14.Rfd1 Kf8 15.f3 Be6
16.Na4 Qxd2 17.Bxd2 Nd7 18.Be3 Rc6 19.h3 Rd8 20.Kf2 f5 21.exf5 gxf5 22.g4 Kg8
23.Bd3 Ne5 24.Bb1 fxg4 25.hxg4 b5 26.cxb5 Rxc1 27.Bxc1 axb5 28.Nb2 Ng6 29.Nd3 Kf8
30.Nb2  1/2-1/2

[Event "CRO-chT"]
[Site "Pula"]
[Date "1999.09.18"]
[Round "9"]
[White "Ribli, Zoltan"]
[Black "Mrkonjic, Nenad"]
[Result "1-0"]
[WhiteElo "2586"]
[BlackElo "2331"]

1.c4 e5 2.Nc3 g6 3.d4 Bg7 4.dxe5 Bxe5 5.Nf3 Bg7 6.g3 Ne7 7.Bg2 Nbc6 8.O-O O-O
9.Qd2 a6 10.Rd1 Rb8 11.b3 d6 12.Bb2 Bf5 13.Rac1 Kh8 14.Nd5 b6 15.Bf6 Bxf6
16.Nxf6 Ng8 17.Nxh7 Kxh7 18.Ng5+ Kg7 19.Bxc6 f6 20.Qd4 Nh6 21.Bg2 Qe7 22.Ne4 Rbe8
23.Nc3 g5 24.b4 Rh8 25.Nd5 Qf7 26.c5 bxc5 27.bxc5 c6 28.cxd6 Bd7 29.Ne3 Qxa2
30.Bxc6 Bxc6 31.Rxc6 Qxe2 32.d7 Qf3 33.dxe8=N+  1-0

[Event "AUT-chT 9899"]
[Site "AUT"]
[Date "1999.??.??"]
[Round "?"]
[White "Wells, Peter K"]
[Black "Ribli, Zoltan"]
[Result "1/2-1/2"]
[WhiteElo "2530"]
[BlackElo "2565"]

1.d4 d5 2.c4 c6 3.Nf3 Nf6 4.Nc3 dxc4 5.a4 Bf5 6.Ne5 e6 7.f3 Bb4 8.e4 Bxe4
9.fxe4 Nxe4 10.Qf3 Qxd4 11.Qxf7+ Kd8 12.Bg5+ Nxg5  1/2-1/2

[Event "AUT-chT 9899"]
[Site "AUT"]
[Date "1999.??.??"]
[Round "?"]
[White "Ribli, Zoltan"]
[Black "Horvath, Jozsef"]
[Result "1/2-1/2"]
[WhiteElo "2565"]
[BlackElo "2515"]

1.Nf3 Nf6 2.c4 e6 3.d4 b6 4.g3 Bb7 5.Bg2 Be7 6.O-O O-O 7.Nc3 Ne4 8.Qc2 Nxc3
9.Qxc3 c5 10.b3 Bf6 11.Bb2 cxd4 12.Nxd4 Bxg2 13.Kxg2 Nc6 14.Qd3 Qc8 15.Rfd1 Rd8
16.Rac1 a6 17.Qe4 Ne7 18.Ba3 Qb8 19.Rc2 b5 20.Bxe7 Bxe7 21.c5 Ra7  1/2-1/2

[Event "AUT-chT 9899"]
[Site "AUT"]
[Date "1999.??.??"]
[Round "?"]
[White "Ribli, Zoltan"]
[Black "Groszpeter, Attila"]
[Result "1-0"]
[WhiteElo "2565"]
[BlackElo "2505"]

1.Nf3 d5 2.d4 c6 3.c4 Nf6 4.Nc3 dxc4 5.a4 Bf5 6.Ne5 Nbd7 7.Nxc4 Qc7 8.g3 e5
9.dxe5 Nxe5 10.Bf4 Nfd7 11.Bg2 f6 12.O-O Be7 13.Rc1 Nc5 14.Ne3 Bg6 15.b4 Ne6
16.b5 Rd8 17.Qb3 Nd4 18.Qb2 Qa5 19.Ncd5 Nxe2+ 20.Qxe2 cxd5 21.Bxe5 fxe5 22.Rfd1 Qxa4
23.Rc7 Rf8  1-0

[Event "AUT-chT 9899"]
[Site "AUT"]
[Date "1999.??.??"]
[Round "?"]
[White "Ribli, Zoltan"]
[Black "Hickl, Joerg"]
[Result "1/2-1/2"]
[WhiteElo "2565"]
[BlackElo "2555"]

1.c4 e5 2.Nc3 d6 3.g3 f5 4.Bg2 Nf6 5.d3 Be7 6.e4 Nc6 7.Nge2 O-O 8.O-O Qe8
9.Nd5 Bd8 10.f3 Nxd5 11.cxd5 Ne7 12.Be3 c6 13.dxc6 bxc6 14.Rc1 Qf7 15.a3 Qa2  1/2-1/2

[Event "HUN-chT9899"]
[Site "HUN"]
[Date "1999.??.??"]
[Round "?"]
[White "Almasi, Zoltan"]
[Black "Ribli, Zoltan"]
[Result "1/2-1/2"]
[WhiteElo "2650"]
[BlackElo "2590"]

1.e4 c5 2.Nf3 Nc6 3.d4 cxd4 4.Nxd4 Qc7 5.Nc3 e6 6.Be2 a6 7.O-O Nf6 8.Be3 Be7
9.f4 d6 10.Kh1 O-O 11.a4 Re8 12.Bf3 Bf8 13.Nb3 b6 14.e5 dxe5 15.fxe5 Nd7
16.Bxc6 Qxc6 17.Nd4 Qb7 18.Qh5 g6 19.Qh4 Nxe5 20.Ne4 Be7 21.Ng5 Bxg5 22.Bxg5 f5
23.Rae1 Nf7 24.Bf6 Bd7 25.Re3 Bc6  1/2-1/2

[Event "HUN-chT9899"]
[Site "HUN"]
[Date "1999.??.??"]
[Round "?"]
[White "Acs, Peter"]
[Black "Ribli, Zoltan"]
[Result "1/2-1/2"]
[WhiteElo "2500"]
[BlackElo "2590"]

1.e4 c5 2.Nf3 d6 3.d4 cxd4 4.Nxd4 Nf6 5.Nc3 a6 6.Be2 e6 7.O-O Qc7 8.a4 Nc6
9.Be3 Be7 10.f4 O-O 11.Kh1 Re8 12.Bf3 Bf8 13.Nb3 b6 14.e5 dxe5 15.fxe5 Nd7
16.Bxc6 Qxc6 17.Nd4 Qb7 18.Qh5 g6 19.Qh4 Nxe5 20.Ne4 Be7 21.Qf4 f5 22.Qxe5 Qxe4
23.Qxe4 fxe4 24.Nc6 Bc5 25.Bxc5 bxc5 26.Rad1 e5  1/2-1/2

[Event "HUN-chT9899"]
[Site "HUN"]
[Date "1999.??.??"]
[Round "?"]
[White "Lukacs, Peter"]
[Black "Ribli, Zoltan"]
[Result "1/2-1/2"]
[WhiteElo "2475"]
[BlackElo "2590"]

1.d4 d5 2.c4 c6 3.Nf3 Nf6 4.Nc3 dxc4 5.a4 Bf5 6.e3 e6 7.Bxc4 Bb4 8.O-O Nbd7
9.Qe2 O-O 10.e4 Bg6 11.Bd3 a6 12.h3 h6 13.Rd1 Rc8 14.Bf4 Re8 15.Na2 Bf8 16.Bc2  1/2-1/2

[Event "HUN-chT9899"]
[Site "HUN"]
[Date "1999.??.??"]
[Round "?"]
[White "Ribli, Zoltan"]
[Black "Boros, Daniel"]
[Result "1-0"]
[WhiteElo "2590"]
[BlackElo "2300"]

1.Nf3 Nf6 2.g3 g6 3.Bg2 Bg7 4.O-O O-O 5.c4 d6 6.Nc3 Nc6 7.d4 a6 8.b3 Rb8
9.Nd5 Nh5 10.Bb2 e6 11.Ne3 f5 12.Qd2 Ne7 13.Rac1 Bh6 14.Ne1 f4 15.Ng4 Bg7
16.Bf3 Nf5 17.Ng2 Qe7 18.e4 Nxd4 19.Bxd4 e5 20.Bb2 fxg3 21.fxg3 Rxf3 22.Rxf3 Bxg4
23.Rf2 Nf6 24.Qd3 Be6 25.Rcf1 Nd7 26.Ne3 Nc5 27.Qc2 Bh3 28.Rf7 Qg5 29.Bc1 Qd8
30.R1f2 Ne6 31.Nd5 Nd4 32.Qd2 Be6 33.Ne7+ Kh8 34.Rxg7 Kxg7 35.Qh6+ Kh8 36.Bg5  1-0

[Event "XVI ECC"]
[Site "Neum BIH"]
[Date "2000.09.24"]
[Round "1"]
[White "Ribli,Z"]
[Black "Dunworth,C"]
[Result "1-0"]
[WhiteElo "2569"]
[BlackElo "2293"]

1.Nf3 d6 2.g3 e5 3.Bg2 Nc6 4.O-O g6 5.c4 e4 6.Ne1 f5 7.d3 exd3 8.Nxd3 Nf6
9.b3 Bg7 10.Bb2 O-O 11.Nc3 Qe7 12.e3 a6 13.Nf4 Rb8 14.Rc1 Ne5 15.Qd2 c6 16.Rfd1 Rd8
17.Ba3 Nf7 18.Qc2 Bd7 19.Bb4 b5 20.cxb5 axb5 21.Rd2 g5 22.Nfe2 c5 23.Ba5 Rdc8
24.Nd5 Nxd5 25.Bxd5 b4 26.Bxf7+ Kxf7 27.Rcd1 Rc6 28.a3 Ra8 29.Qc4+ Be6 30.Qb5 Rca6
31.axb4 Bxb3 32.Rc1 Be6 33.h3 Qa7 34.Kh2 h6 35.Nd4 Bxd4 36.exd4 Rb8 37.Qe2 Qb7
38.Re1 Re8 39.Qh5+  1-0